Censo agropecuario nacional, la ganadería y la agricultura en 1908 : (Record no. 43052)

MARC details
000 -LEADER
campo de control de longitud fija 01255nam a2200253 i 4500
001 - NÚMERO DE CONTROL
campo de control 43052
003 - IDENTIFICADOR DE NÚMERO DE CONTROL
campo de control ES-MaACL
005 - FECHA Y HORA DE LA ÚLTIMA TRANSACCIÓN
campo de control 20250709161755.0
007 - CAMPO FIJO DE DESCRIPCIÓN FÍSICA--INFORMACIÓN GENERAL
campo de control de longitud fija t|
008 - DATOS DE LONGITUD FIJA--INFORMACIÓN GENERAL
campo de control de longitud fija 030314s1909 ag ||||1| spa d
245 00 - MENCIÓN DEL TÍTULO
Título Censo agropecuario nacional, la ganadería y la agricultura en 1908 :
Resto del título censo levantado durante la presidencia del Dr. José Figueroa Alcorta /
Mención de responsabilidad, etc. por una comisión compuesta de los señores Alberto B. Martínez, Francisco Latzina, José León Suárez y Emilio Lahitte.
260 ## - PUBLICACIÓN, DISTRIBUCIÓN, ETC.
Lugar de publicación, distribución, etc. Buenos Aires :
Nombre del editor, distribuidor, etc. [s.n.],
Fecha de publicación, distribución, etc. 1909 (
Fabricante Tall. de Pub. de la Oficina Meteorológica Argentina)
300 ## - DESCRIPCIÓN FÍSICA
Extensión 3 v. ;
Dimensiones 27 cm.
505 8# - NOTA DE CONTENIDO CON FORMATO
Nota de contenido con formato Contiene: v. 1. Ganadería (434 p.) -- v. 2. Agricultura (524 p.) -- v. 3. Monografías (721 p.) -- v. [4. Mapas]
530 ## - NOTA DISPONIBLE DE FORMULARIO FÍSICO ADICIONAL
Nota de formato físico adicional disponible Disponible en formato digital.
594 ## - Nota al título y mención de responsabilidad
Nota al título y mención de responsabilidad Precede al título: República Argentina.
650 #4 - PUNTO DE ACCESO ADICIONAL DE MATERIA--TÉRMINO DE MATERIA
Término de materia o nombre geográfico como elemento de entrada Agricultura-
Subdivisión geográfica Argentina-
Subdivisión de forma Estadísticas.
9 (RLIN) 162100
650 #4 - PUNTO DE ACCESO ADICIONAL DE MATERIA--TÉRMINO DE MATERIA
Término de materia o nombre geográfico como elemento de entrada Ganadería-
Subdivisión geográfica Argentina-
Subdivisión de forma Estadísticas.
9 (RLIN) 162101
700 0# - ENTRADA AGREGADA--NOMBRE PERSONAL
Nombre de persona Martínez, Alberto B.
9 (RLIN) 77712
852 ## - LOCALIZACIÓN
Ubicación ES-MaACL
Número de control de estantería C-13355-57
Ubicación en estantería Galería
Nota libre Revisado enlace: 9 de julio de 2025
856 4# - LOCALIZACIÓN Y ACCESO ELECTRÓNICOS
Identificador Uniforme de Recursos <a href="http://bdh-rd.bne.es/viewer.vm?id=0000008730&page=1 ">http://bdh-rd.bne.es/viewer.vm?id=0000008730&page=1 </a>
Texto de enlace Biblioteca Digital Hispánica
942 ## - ELEMENTOS DE ENTRADA SECUNDARIOS (KOHA)
Fuente del sistema de clasificación o colocación Clasificación decimal universal
Holdings
Estatus retirado Estado de pérdida Estado de daño No para préstamo Colección Biblioteca de origen Biblioteca actual Ubicación en estantería Fecha de adquisición Fuente de adquisición Total de préstamos Signatura topográfica completa Código de barras Visto por última vez Precio de reemplazo Tipo de ítem Koha
        Colección digital Biblioteca del Ateneo de Madrid Biblioteca del Ateneo de Madrid Sala Palomar 17/01/2008     C-13355-57 1045314 23/02/2023 23/02/2023 Libro impreso